[Event "World Rapid 2025"]
[Site "Doha QAT"]
[Date "2025.12.27"]
[Round "9.58"]
[White "Rodrigue-Lemieux, Shawn"]
[Black "Bortnyk, Olexandr"]
[Result "0-1"]
[WhiteTitle "GM"]
[BlackTitle "GM"]
[WhiteElo "2517"]
[BlackElo "2601"]
[WhiteFideId "2620049"]
[BlackFideId "14120828"]
[EventDate "2025.12.26"]

1. c4 Nf6 2. g3 g6 3. Bg2 Bg7 4. Nc3 O-O 5. e4 d6 6. Nge2 c5 7. O-O Nc6 8. d3 a6
9. h3 Rb8 10. a4 Nd7 11. Be3 Nd4 12. Rb1 b6 13. b4 Bb7 14. Qd2 Re8 15. Rfd1 e6
16. Bh6 Bh8 17. Nxd4 cxd4 18. Ne2 Bc6 19. b5 axb5 20. axb5 Bb7 21. h4 Nc5 22. h5
Ra8 23. hxg6 hxg6 24. Qc2 d5 25. exd5 exd5 26. Nf4 g5 27. Nh3 g4 28. Bg5 f6 29.
Nf4 fxg5 30. Nxd5 Qd6 31. Re1 Bf6 32. Qd1 Rxe1+ 33. Qxe1 Kg7 34. Qe2 Rf8 35. Ra1
Bc8 36. Ra7+ Rf7 37. Ra8 Be6 38. Re8 Bf5 39. Ra8 Qe5 40. Qd2 Bxd3 41. Nxb6 Be4
42. Bxe4 Qxe4 43. Nd5 Qb1+ 44. Kg2 Qe4+ 45. Kg1 d3 46. Nxf6 Kxf6 47. Rg8 Ne6 48.
Qc3+ Qd4 49. Qd2 Qa1+ 50. Kg2 Rh7 0-1

[Event "World Rapid 2025"]
[Site "Doha QAT"]
[Date "2025.12.27"]
[Round "9.59"]
[White "Martinez Alcantara, Jose Eduardo"]
[Black "Bharath, Subramaniyam H"]
[Result "1/2-1/2"]
[WhiteTitle "GM"]
[BlackTitle "GM"]
[WhiteElo "2667"]
[BlackElo "2576"]
[WhiteFideId "3805662"]
[BlackFideId "46634827"]
[EventDate "2025.12.26"]

1. c4 e6 2. Nf3 d5 3. g3 Nf6 4. Bg2 Be7 5. O-O O-O 6. d3 b6 7. cxd5 exd5 8. d4
Bb7 9. Nc3 Nbd7 10. Bf4 c6 11. Ne5 Nxe5 12. Bxe5 Bd6 13. Bxd6 Qxd6 14. Rc1 Rfe8
15. e3 h5 16. Qc2 h4 17. Rfe1 Re7 18. e4 dxe4 19. Nxe4 Nxe4 20. Rxe4 hxg3 21.
hxg3 Rae8 22. Rce1 Rxe4 23. Rxe4 Rxe4 24. Qxe4 Kf8 25. b4 a6 26. a4 b5 27. a5 f6
28. Qf4 Qxf4 29. gxf4 Ke7 30. Kf1 Kd6 31. Ke2 Bc8 32. Ke3 Bf5 33. Bf3 g5 34.
fxg5 fxg5 35. Bh5 Kd5 36. Be2 Kd6 37. Bf3 Be6 38. Be4 Bg4 39. Bc2 Bh3 40. Bb3
Bf5 41. Ba2 Bg6 42. Bg8 Bf5 43. Bb3 Bg4 44. Ke4 Bh3 45. Bf7 Bd7 46. Bg6 Be6 47.
Bf5 Bd5+ 48. Ke3 Kc7 49. f3 Bf7 50. Kf2 Be8 51. Kg3 Bh5 52. Bg4 Bg6 53. Be6 Bh5
54. Bf5 Kd6 55. Bc8 Kc7 56. Bf5 Kd6 57. Bc8 Kc7 58. Bxa6 Bf7 59. Kg4 Bd5 60.
Kxg5 Bxf3 61. Kf4 Bg2 62. Ke5 Kb8 63. Kd6 Bf3 64. Kc5 Kc7 65. d5 Bxd5 66. Bxb5
Bf3 67. Bd3 Bg2 68. Be2 Be4 69. Kd4 Bg2 70. Ke5 Bh1 71. Bd3 Bf3 72. Bc4 Bg2 73.
Be2 Bh1 74. Bg4 Bg2 75. Be6 Bf3 76. Bf5 Bg2 77. Kd4 Kd6 78. a6 Kc7 79. Kc5 Bf1
80. a7 Kb7 81. Kd6 Bb5 82. Bc8+ Kxa7 83. Kc7 Ba4 84. Bd7 Bb5 85. Bxc6 Bf1 86.
Bb7 1/2-1/2

[Event "World Rapid 2025"]
[Site "Doha QAT"]
[Date "2025.12.27"]
[Round "9.60"]
[White "Keymer, Vincent"]
[Black "Samadov, Read"]
[Result "1-0"]
[WhiteTitle "GM"]
[BlackTitle "IM"]
[WhiteElo "2776"]
[BlackElo "2510"]
[WhiteFideId "12940690"]
[BlackFideId "13417444"]
[EventDate "2025.12.26"]

1. Nf3 Nf6 2. c4 g6 3. g3 Bg7 4. Bg2 O-O 5. d4 d6 6. Nc3 Nbd7 7. O-O e5 8. e4
Re8 9. h3 exd4 10. Nxd4 Nc5 11. Re1 h6 12. f3 Nfd7 13. Be3 Ne5 14. Qe2 f5 15.
Rad1 fxe4 16. fxe4 Bd7 17. Nd5 c6 18. Nf4 Qe7 19. b4 Ne6 20. Nxg6 Nxg6 21. Nf5
Qf6 22. Rf1 Nef4 23. Bxf4 Bxf5 24. Be3 Qe5 25. exf5 Qxe3+ 26. Qxe3 Rxe3 27. fxg6
Re6 28. b5 Rc8 29. g4 Rc7 30. bxc6 bxc6 31. Rde1 Rxe1 32. Rxe1 Be5 33. h4 Re7
34. Rb1 Bg3 35. Rb8+ Kg7 36. h5 d5 37. Rb3 Re1+ 38. Bf1 Bd6 39. cxd5 cxd5 40.
Rb5 Re5 41. Ra5 Bb8 42. Kf2 d4 43. Ra4 Re4 44. Rb4 Bd6 45. Rb7+ Re7 46. Rb5 Re5
47. Rb1 Re3 48. Bc4 Re4 49. Bd3 Re3 50. Bf5 Kf6 51. Rc1 Rc3 52. Rd1 Bg3+ 53. Kg2
Be5 54. Bd3 Kg5 55. Kf3 Bf6 56. Rd2 a5 57. a4 Bg7 58. Rd1 Bf6 59. Ke2 Rc5 60.
Rf1 Re5+ 61. Kd2 Rc5 62. Bb5 Re5 63. Kd3 Rc5 64. Bc4 Re5 65. Ba6 Rc5 66. Bb7 Re5
67. Kc4 d3 68. Kxd3 Rc5 69. Be4 Rc3+ 70. Kd2 Rc5 71. Ke2 Re5 72. Kd3 Rc5 73. Bb7
Rc3+ 74. Kd2 Rc5 75. Ba6 Bc3+ 76. Kd3 Bf6 77. Bc4 Re5 78. Rb1 Kf4 79. Rb7 Rg5
80. Be6 Re5 81. Rf7 Rxe6 82. g7 Re3+ 83. Kd2 Re8 84. Rxf6+ 1-0

[Event "World Rapid 2025"]
[Site "Doha QAT"]
[Date "2025.12.27"]
[Round "9.61"]
[White "Mitrabha, Guha"]
[Black "Sadhwani, Raunak"]
[Result "1-0"]
[WhiteTitle "GM"]
[BlackTitle "GM"]
[WhiteElo "2508"]
[BlackElo "2638"]
[WhiteFideId "5057000"]
[BlackFideId "35093487"]
[EventDate "2025.12.26"]

1. Nf3 d5 2. g3 Nd7 3. d4 Nb6 4. Bg2 Bf5 5. O-O e6 6. a4 a5 7. Nh4 c6 8. Nxf5
exf5 9. Qd3 Qd7 10. b3 h5 11. h4 Nf6 12. c4 Bb4 13. Nc3 Ne4 14. Bb2 Kf8 15. c5
Bxc3 16. Bxc3 Nc8 17. Be1 Ne7 18. f3 Nf6 19. Bd2 Ng6 20. Kf2 f4 21. Bxf4 Nxf4
22. gxf4 Rh6 23. Rh1 Rb8 24. Qc3 Qc7 25. e3 Kg8 26. Rab1 Nd7 27. Bh3 Nf8 28. Bf5
Rf6 29. Bc2 Re6 30. Rhg1 Qe7 31. Rg5 Rh6 32. Rh1 Qd8 33. Bf5 Rf6 34. Rhg1 Rxf5
35. Rxf5 Qxh4+ 36. Kg2 g6 37. Rg5 Ne6 38. Rh1 Nxf4+ 39. exf4 Qxf4 1-0

[Event "World Rapid 2025"]
[Site "Doha QAT"]
[Date "2025.12.27"]
[Round "9.62"]
[White "Amin, Bassem"]
[Black "Isanzhulov, Arystan"]
[Result "1-0"]
[WhiteTitle "GM"]
[BlackTitle "IM"]
[WhiteElo "2626"]
[BlackElo "2419"]
[WhiteFideId "10601457"]
[BlackFideId "13711644"]
[EventDate "2025.12.26"]

1. Nf3 d5 2. g3 Nf6 3. Bg2 g6 4. O-O Bg7 5. d3 O-O 6. Nbd2 c5 7. e4 Nc6 8. c3 d4
9. cxd4 cxd4 10. a3 a5 11. a4 Nd7 12. Nc4 Nc5 13. b3 Nb4 14. Ne1 e5 15. Ba3 f5
16. Rc1 Be6 17. exf5 gxf5 18. Nxe5 Bxb3 19. Qd2 Nxa4 20. Bxb4 axb4 21. Qxb4 Bd5
22. Qb5 Ra5 23. Bxd5+ Qxd5 24. Qxd5+ Rxd5 25. N5f3 Nc3 26. Rc2 Rb5 27. Ng2 Re8
28. Nf4 Rb4 29. Ra1 Bh6 30. Nh5 Kf7 31. Ra5 Ne2+ 32. Kg2 Kg6 33. g4 fxg4 34.
Nh4+ Kf7 35. Rc7+ Ke6 36. Nf5 b6 37. Nfg7+ Bxg7 38. Nxg7+ Kf6 39. Nxe8+ Kg6 1-0

[Event "World Rapid 2025"]
[Site "Doha QAT"]
[Date "2025.12.27"]
[Round "9.63"]
[White "Uskov, Artem"]
[Black "Idani, Pouya"]
[Result "1/2-1/2"]
[WhiteTitle "GM"]
[BlackTitle "GM"]
[WhiteElo "2516"]
[BlackElo "2611"]
[WhiteFideId "34254854"]
[BlackFideId "12510130"]
[EventDate "2025.12.26"]

1. e4 c5 2. Nf3 d6 3. d4 cxd4 4. Nxd4 Nf6 5. Nc3 a6 6. Be3 e5 7. Nb3 Be6 8. h3
Nc6 9. Qf3 Rc8 10. O-O-O Na5 11. Bg5 Be7 12. Bxf6 Bxf6 13. Nd5 Bg5+ 14. Kb1 O-O
15. h4 Bh6 16. g4 Nxb3 17. axb3 Bxd5 18. Rxd5 Bf4 19. g5 Rc6 20. Bh3 g6 21. Rhd1
h6 22. gxh6 Qxh4 23. Bd7 Rc7 24. Rxd6 Rd8 25. b4 Qxh6 26. c3 Qf8 27. Qd3 Kg7 28.
Rd5 Qe7 29. Bc6 Rxd5 30. Bxd5 Qh4 31. Bb3 Bg5 32. f3 Qf4 33. Ka2 Qf6 34. Qf1 Qf4
35. Qh3 Qh4 36. Qg2 Qf4 37. Rd5 Re7 38. Qh3 Rc7 39. Qf1 Re7 40. Qd3 Qe3 41. Qd1
Qf2 42. Rd8 Qb6 43. Rd7 Rxd7 44. Qxd7 Qf6 45. Qxb7 Qxf3 46. Qd5 Qf6 47. c4 Qe7
48. c5 Be3 49. Qd3 Bd4 50. Qxa6 g5 51. c6 Qxb4 52. Qe2 Qa5+ 53. Kb1 Qc5 54. Bd5
Qb6 55. Qc2 Bc5 56. Qg2 Qd8 57. Qf3 Qe7 58. Bxf7 g4 59. Qf5 Qd6 60. Bd5 g3 61.
Qf7+ Kh6 62. Qg8 Bf2 63. Ka2 Qe7 64. Bf7 Qf6 65. Bd5 Qg7 66. Qe6+ Kg5 67. Qf5+
Kh6 68. Bf7 Qg5 69. Qh3+ Kg7 70. c7 Qd2 71. Qg4+ Kxf7 72. Qf5+ Ke7 73. c8=Q Qa5+
74. Kb1 Qe1+ 75. Qc1 Qxc1+ 76. Kxc1 Be3+ 77. Kc2 g2 78. Qxe5+ Kf7 79. Qf5+ Ke7
80. Qe5+ Kf7 81. Qc7+ Kf8 82. Qb8+ Ke7 83. Qb7+ Ke8 84. Qb5+ Ke7 85. Qb4+ Ke8
86. Qa4+ Kd8 87. Qa5+ Ke8 88. Qh5+ Ke7 89. Qh4+ Kf7 90. Qh7+ Kf8 91. Qf5+ Ke7
92. Qe5+ 1/2-1/2

[Event "World Rapid 2025"]
[Site "Doha QAT"]
[Date "2025.12.27"]
[Round "9.64"]
[White "Gholami Orimi, Mahdi"]
[Black "Muradli, Mahammad"]
[Result "0-1"]
[WhiteTitle "GM"]
[BlackTitle "GM"]
[WhiteElo "2515"]
[BlackElo "2581"]
[WhiteFideId "12558486"]
[BlackFideId "13409301"]
[EventDate "2025.12.26"]

1. d4 d6 2. Nf3 g6 3. g3 Bg7 4. Bg2 c5 5. O-O cxd4 6. Nxd4 Qb6 7. Nb3 Nc6 8. c4
Be6 9. Na3 Nf6 10. Be3 Qd8 11. Nd4 Bd7 12. h3 Qc8 13. Kh2 h5 14. Nf3 Ng4+ 15.
hxg4 hxg4+ 16. Nh4 Bxb2 17. Bxc6 Qxc6 18. Bd4 Bxa1 19. Qxa1 Rh5 20. Kg1 g5 21.
Ng2 e5 22. Be3 Ke7 23. f3 Rah8 24. c5 f6 25. cxd6+ Qxd6 26. Nc4 Qd5 27. Nd2 Bb5
28. fxg4 Rh1+ 29. Kf2 Rxf1+ 30. Qxf1 Qxa2 31. Nf3 a5 32. Bc5+ Kf7 33. Ne3 Rc8
34. Nxg5+ fxg5 35. Kg1+ Kg8 36. Qf6 Rxc5 37. Qg6+ Kf8 38. Qd6+ Ke8 39. Qxc5 Qxe2
40. Qxe5+ Kd7 41. Qd5+ Kc8 42. Qc5+ Kb8 43. Qxg5 Qe1+ 44. Kh2 Qd2+ 45. Kg1 Bc6
46. Qe5+ Ka8 47. Kf1 a4 48. Qc5 Qd3+ 49. Ke1 Bb5 50. Qf8+ Ka7 51. Qf2 Ka6 52.
Nc2 Qc3+ 53. Kd1 Bd3 54. Nd4 0-1

[Event "World Rapid 2025"]
[Site "Doha QAT"]
[Date "2025.12.27"]
[Round "9.65"]
[White "Gavrilescu, David"]
[Black "Gokerkan, Cem Kaan"]
[Result "0-1"]
[WhiteTitle "GM"]
[BlackTitle "GM"]
[WhiteElo "2542"]
[BlackElo "2510"]
[WhiteFideId "1227190"]
[BlackFideId "6336760"]
[EventDate "2025.12.26"]

1. e4 c5 2. Nf3 e6 3. d4 cxd4 4. Nxd4 Nf6 5. Nc3 Nc6 6. Be2 d6 7. O-O Be7 8.
Nxc6 bxc6 9. Qd3 O-O 10. Qg3 e5 11. b3 Be6 12. f4 exf4 13. Bxf4 Ne8 14. Rad1 Bh4
15. Qf3 Qa5 16. Na4 d5 17. exd5 cxd5 18. c4 Rd8 19. Bd2 Qc7 20. Bf4 Qa5 21. c5
Be7 22. Rc1 Rc8 23. c6 Nf6 24. Bd3 Ba3 25. Rc2 Ne4 26. Be5 Rfe8 27. Kh1 Bf8 28.
Qh5 g6 29. Qf3 Bf5 30. Bb2 h5 31. Qe3 Bd6 32. Qh6 Be5 33. Bxe4 Bxe4 34. Rcf2 Rc7
35. Bxe5 Rxe5 36. Qc1 d4 37. Qc4 Qd5 38. Qxd5 Bxd5 39. Rd2 Rxc6 40. Nb2 Rf6 41.
Rfd1 Rg5 42. Kg1 h4 43. h3 Bb7 44. Rf1 Re6 45. Rf4 Re1+ 46. Kh2 Be4 47. Rxh4 Rd5
48. Nd3 Re3 49. Nf2 Bb1 50. Rf4 d3 51. Re4 Rxe4 52. Nxe4 Re5 53. Nc3 Bc2 54. Kg3
g5 55. Kf3 f5 56. g3 Kf7 57. b4 Ke6 58. a4 Re1 59. Kf2 Rh1 60. Kg2 Ra1 61. a5
Ke5 62. Kf2 Kd4 63. Ne2+ Kc4 64. h4 gxh4 65. gxh4 Rh1 66. Ng3 Rxh4 67. Kf3 Kc3
68. Nf1 Rxb4 69. Rh2 Bd1+ 70. Kg3 f4+ 71. Kh4 Be2 0-1

[Event "World Rapid 2025"]
[Site "Doha QAT"]
[Date "2025.12.27"]
[Round "9.66"]
[White "Aditya, Mittal"]
[Black "Puranik, Abhimanyu"]
[Result "0-1"]
[WhiteTitle "GM"]
[BlackTitle "GM"]
[WhiteElo "2624"]
[BlackElo "2622"]
[WhiteFideId "35042025"]
[BlackFideId "5061245"]
[EventDate "2025.12.26"]

1. c4 e5 2. Nc3 Nf6 3. Nf3 Nc6 4. g3 d5 5. cxd5 Nxd5 6. Bg2 Nf6 7. O-O h6 8. d3
Bd6 9. a3 a5 10. Be3 O-O 11. Rc1 Re8 12. h3 Bf5 13. Nd2 Qd7 14. g4 Be6 15. Nde4
Nxe4 16. Nxe4 h5 17. f3 Ne7 18. Qe1 Nd5 19. Bd2 Nf4 20. Bxf4 exf4 21. Qh4 Be5
22. Qxh5 Bxb2 23. Rb1 Ba2 24. Rxb2 Qd4+ 25. e3 Qxb2 26. exf4 Ra6 27. f5 Rc6 28.
g5 Rc2 29. Qg4 Rd8 30. Re1 Kf8 31. f6 Be6 32. Qg3 g6 33. Qh4 Ke8 34. Bf1 Kd7 35.
Qf4 Kc8 36. Ng3 Qxa3 37. h4 Qc5+ 38. Re3 a4 39. Ne4 0-1

[Event "World Rapid 2025"]
[Site "Doha QAT"]
[Date "2025.12.27"]
[Round "9.67"]
[White "Nesterov, Arseniy"]
[Black "Khubukshanov, Erdem"]
[Result "1-0"]
[WhiteTitle "GM"]
[BlackTitle "IM"]
[WhiteElo "2595"]
[BlackElo "2502"]
[WhiteFideId "24198455"]
[BlackFideId "54114527"]
[EventDate "2025.12.26"]

1. d4 Nf6 2. c4 e6 3. Nf3 d5 4. g3 Bb4+ 5. Bd2 Be7 6. Bg2 Nbd7 7. Qc2 c6 8. O-O
Ne4 9. Nc3 Nxd2 10. Nxd2 O-O 11. e3 a5 12. a3 Re8 13. Rab1 Bf8 14. b4 Nf6 15.
Rfd1 b6 16. b5 cxb5 17. cxd5 exd5 18. Nxb5 Ba6 19. Qa2 Rc8 20. Bf1 h5 21. Na7
Bxf1 22. Nxc8 Bh3 23. Nxb6 Re6 24. Qb3 h4 25. Rdc1 Rd6 26. Rc5 Ng4 27. Nxd5 hxg3
28. hxg3 Rh6 29. Qb8 Qd7 30. Qxf8+ Kh7 31. Rb8 Nxf2 1-0

[Event "World Rapid 2025"]
[Site "Doha QAT"]
[Date "2025.12.27"]
[Round "9.68"]
[White "Sankalp, Gupta"]
[Black "Warmerdam, Max"]
[Result "1/2-1/2"]
[WhiteTitle "GM"]
[BlackTitle "GM"]
[WhiteElo "2557"]
[BlackElo "2573"]
[WhiteFideId "5097010"]
[BlackFideId "1048104"]
[EventDate "2025.12.26"]

1. Nf3 Nf6 2. c4 e6 3. g3 d5 4. Bg2 d4 5. O-O c5 6. e3 Nc6 7. exd4 cxd4 8. d3 h6
9. Bf4 Nd7 10. Re1 Bb4 11. Nbd2 g5 12. a3 Be7 13. Be5 Rg8 14. h3 h5 15. Bxd4 g4
16. Bc3 gxf3 17. Qxf3 Nc5 18. Ne4 h4 19. Nf6+ Bxf6 20. Bxf6 Qxd3 21. Qxd3 Nxd3
22. Bxc6+ bxc6 23. Rad1 Ba6 24. Rxd3 Bxc4 25. Rd4 Bd5 26. Rxh4 c5 27. Rh7 Rg6
28. Bc3 Ke7 29. Kh2 a5 30. g4 a4 31. Kg3 Bb3 32. h4 Bc2 33. Rh5 Kd6 34. Rhe5 Bb3
35. f3 Rag8 36. R1e2 Bd5 37. Rh5 f6 38. Rh7 e5 39. Ra7 Kc6 40. Rxa4 Kb6 41. b4
c4 42. Ra5 Bc6 43. Bd2 e4 44. Be3+ Kb7 45. g5 exf3 46. Rc2 fxg5 47. Rxg5 Rxg5+
48. hxg5 Bd5 49. b5 Ra8 50. Rc3 Ra5 51. b6 Rb5 52. g6 Rb3 53. Rxb3 cxb3 54. Bd4
Ka6 55. g7 Kb7 56. a4 b2 1/2-1/2

[Event "World Rapid 2025"]
[Site "Doha QAT"]
[Date "2025.12.27"]
[Round "9.85"]
[White "Makhnev, Denis"]
[Black "Orozbaev, Eldiyar"]
[Result "1/2-1/2"]
[WhiteTitle "GM"]
[BlackTitle "IM"]
[WhiteElo "2532"]
[BlackElo "2348"]
[WhiteFideId "13707647"]
[BlackFideId "13802240"]
[EventDate "2025.12.26"]

1. d4 d5 2. Nf3 Nf6 3. c4 c6 4. Nc3 dxc4 5. a4 Bf5 6. Ne5 Nbd7 7. Nxc4 Qc7 8. g3
e5 9. dxe5 Nxe5 10. Bf4 Nfd7 11. Bg2 g5 12. Ne3 gxf4 13. Nxf5 fxg3 14. hxg3
O-O-O 15. Qc2 Nf6 16. O-O a5 17. Ne4 Nxe4 18. Qxe4 Bb4 19. Rad1 Kb8 20. Nh6 f6
21. Bh3 Bc5 22. Kg2 Rxd1 23. Rxd1 Rd8 24. Rxd8+ Qxd8 25. Bf5 Qb6 26. f4 Ng6 27.
Qc4 Ne7 28. Bxh7 Bg1 29. Ng4 f5 30. Qc1 Bd4 31. Nh6 Qb3 32. Qb1 Qe6 33. Nxf5
Qxe2+ 34. Kh3 Qh5+ 35. Nh4 Nd5 36. Be4 Nxf4+ 37. gxf4 Bf2 38. Qd3 Qxh4+ 39. Kg2
Bb6 40. Qg3 Qf6 41. b3 Bc7 42. Kf3 Qe6 43. Bc2 Qd5+ 44. Kg4 Qg8+ 45. Kf3 Qh8 46.
Kg4 Ka8 47. Be4 Qg8+ 48. Kh4 Bd8+ 49. Kh3 Qe6+ 50. Qg4 Qxb3+ 51. Bf3 Ka7 52. f5
Qc3 53. Qf4 Bf6 54. Kg4 Qe1 55. Qg3 Qxg3+ 56. Kxg3 Kb6 57. Kf2 Kc5 58. Ke3 Kb4
59. Bd1 b5 60. axb5 cxb5 61. Kd3 a4 62. Bf3 Ka3 63. Bc6 b4 64. Kc4 b3 65. Kb5 b2
66. Be4 Kb3 67. Bd5+ Ka3 68. Be4 Be7 69. Bc2 Bf8 70. f6 Bd6 71. Ka5 Bf8 72. Kb5
Bb4 73. f7 Bd6 74. Ka5 Be7 75. Kb5 Bb4 76. Kc4 Bf8 77. Kb5 Bb4 78. Kc4 Bd6 79.
Kb5 Bf8 80. Ka5 1/2-1/2

[Event "World Rapid 2025"]
[Site "Doha QAT"]
[Date "2025.12.27"]
[Round "9.86"]
[White "Sahidi, Samir"]
[Black "Bai, Adelard"]
[Result "1-0"]
[WhiteTitle "IM"]
[BlackTitle "IM"]
[WhiteElo "2516"]
[BlackElo "2417"]
[WhiteFideId "14936372"]
[BlackFideId "16301188"]
[EventDate "2025.12.26"]

1. d4 Nf6 2. c4 e6 3. Nf3 Bb4+ 4. Nbd2 b6 5. e3 Bb7 6. a3 Bxd2+ 7. Qxd2 d5 8. b4
O-O 9. Bb2 a5 10. b5 Qe7 11. Rc1 dxc4 12. Bxc4 Nbd7 13. O-O c5 14. bxc6 Bxc6 15.
Qe2 Bb7 16. Nd2 Rfc8 17. e4 Nf8 18. f3 Ng6 19. Bb5 Qd8 20. Qe3 h5 21. a4 h4 22.
Ba3 Rxc1 23. Rxc1 Rc8 24. Rxc8 Qxc8 25. Nc4 Qc7 26. Bd6 Qd8 27. h3 Nh5 28. Kh2
Qf6 29. Nxb6 e5 30. dxe5 Nxe5 31. Bc7 Ng3 32. Nd5 Qe6 33. Qg5 Ng6 34. Nf4 Nxf4
35. Bxf4 Bc6 36. Qd8+ 1-0

[Event "World Rapid 2025"]
[Site "Doha QAT"]
[Date "2025.12.27"]
[Round "9.87"]
[White "Zverev, Lev"]
[Black "Pantsulaia, Levan"]
[Result "0-1"]
[WhiteTitle "IM"]
[BlackTitle "GM"]
[WhiteElo "2453"]
[BlackElo "2472"]
[WhiteFideId "24250775"]
[BlackFideId "13602071"]
[EventDate "2025.12.26"]

1. e4 c5 2. Nf3 e6 3. d4 cxd4 4. Nxd4 a6 5. Bd3 d5 6. exd5 Qxd5 7. O-O Nd7 8.
Be3 Bc5 9. Nc3 Qe5 10. Nf3 Qc7 11. Qd2 Bxe3 12. Qxe3 Ngf6 13. Rfe1 O-O 14. Rad1
b5 15. a4 b4 16. Ne4 Bb7 17. Nxf6+ Nxf6 18. Ne5 Rfd8 19. Qf4 a5 20. Re3 h6 21.
Rh3 Rd5 22. Re1 Ng4 23. Rh5 f5 24. Ng6 Qf7 25. Rxf5 exf5 26. Ne7+ Kh8 27. Nxf5
Nf6 28. Nd6 Qd7 29. Nxb7 Qxb7 30. Re6 Rf8 31. h3 Qd7 32. Qe3 Rxd3 33. cxd3 Qxa4
34. Qc5 Re8 35. Ra6 Qa1+ 36. Kh2 Qxb2 37. Rxa5 Qc3 38. Qxc3 bxc3 39. Rc5 Nd5 40.
Kg3 Kg8 41. Kf3 Kf7 42. g4 g5 43. d4 Re1 0-1

[Event "World Rapid 2025"]
[Site "Doha QAT"]
[Date "2025.12.27"]
[Round "9.88"]
[White "Sklokin, Sergey"]
[Black "Le, Tuan Minh"]
[Result "1/2-1/2"]
[WhiteTitle "FM"]
[BlackTitle "GM"]
[WhiteElo "2407"]
[BlackElo "2598"]
[WhiteFideId "55730230"]
[BlackFideId "12401153"]
[EventDate "2025.12.26"]

1. e4 e5 2. Nf3 Nc6 3. Bc4 Bc5 4. d3 Nf6 5. O-O d6 6. c3 a6 7. Nbd2 O-O 8. h3
Ba7 9. Bb3 h6 10. Re1 Nh5 11. Nf1 Qf6 12. Be3 Bxe3 13. fxe3 g6 14. Qe2 Qe7 15.
Qf2 Be6 16. Ng3 Ng7 17. Bxe6 Qxe6 18. d4 Nb8 19. dxe5 dxe5 20. Rad1 Ne8 21. Rd5
Nd7 22. Red1 Nef6 23. Ra5 b6 24. Ra3 b5 25. c4 bxc4 26. Rc3 Rfd8 27. Qc2 Nb6 28.
Rxd8+ Rxd8 29. Ra3 Qe7 30. Rxa6 Rd3 31. a4 Qc5 32. a5 Nbd7 33. Kh2 Kg7 34. Ra8
Qc6 35. Rd8 Rxe3 36. Nh4 Rd3 37. Qc1 Kh7 38. Qf1 Nc5 39. Rxd3 Nxd3 40. b3 Kg7
41. bxc4 Qxc4 42. Qe2 Qa6 43. Qd2 Nf4 44. Nf3 Qb5 45. Qc3 Nd3 46. Qxc7 Qb2 47.
Qb6 Qa2 48. Qe3 Nb4 49. Qc5 Nd3 50. Qe3 Nf4 51. Qd2 Qa1 52. Qb4 h5 53. Qd2 Nh7
54. Qb4 Nf8 55. Qd6 Qxa5 56. Qxe5+ Qxe5 57. Nxe5 N8e6 58. Nf3 Nc5 59. h4 Nd7 60.
Nf1 Nf6 61. g3 Nd3 62. N1d2 Nf2 63. Ng5 Nd3 64. Ngf3 Nd7 65. Kg2 Kf6 66. Ng5 Ke7
67. Kf3 Nf6 68. Ke2 Ne5 69. Ke3 Nfg4+ 70. Ke2 f6 71. Nh3 Kf7 72. Nf4 Nc6 73. Nf3
Nge5 74. Nxe5+ Nxe5 75. Nd5 g5 76. hxg5 fxg5 77. Kf2 Nc4 78. Ne3 Nd2 79. e5 Ke6
80. Kg2 Kxe5 81. Nd1 Kd4 82. Kf2 g4 83. Nb2 Ne4+ 84. Kg2 Nc3 85. Kf2 Ke4 86. Nc4
Kd4 87. Nb2 Ne4+ 88. Kg2 Nc5 89. Kh2 Kc3 90. Nd1+ Kd4 91. Nb2 Nd3 92. Nd1 Ne1
93. Kg1 Kd3 94. Kf1 Nc2 95. Kf2 Kd4 96. Ke2 Nb4 97. Ne3 Nd5 98. Nf5+ Ke5 99. Ng7
Nf6 100. Ke3 Nd5+ 101. Kf2 Nf6 102. Ke3 Nd5+ 103. Kf2 Nf6 104. Ke3 Ng8 1/2-1/2

[Event "World Rapid 2025"]
[Site "Doha QAT"]
[Date "2025.12.27"]
[Round "9.89"]
[White "Alexakis, Dimitris"]
[Black "Krallis, Christos"]
[Result "1-0"]
[WhiteTitle "GM"]
[BlackTitle "IM"]
[WhiteElo "2544"]
[BlackElo "2416"]
[WhiteFideId "4277023"]
[BlackFideId "4298896"]
[EventDate "2025.12.26"]

1. e4 e5 2. Nf3 Nc6 3. Bb5 a6 4. Ba4 Nf6 5. O-O d6 6. c3 Bd7 7. d4 exd4 8. cxd4
Nxe4 9. Re1 d5 10. Nc3 Bb4 11. Nxe4 Bxe1 12. Bg5 f6 13. Nxf6+ gxf6 14. Qxe1+ Kf8
15. Bh4 Kg7 16. Qd2 Re8 17. Bc2 Qe7 18. Qd3 Kg8 19. Ne5 Nxd4 20. Bxf6 Ne2+ 21.
Kh1 Bb5 22. Qf5 Nd4 23. Qg5+ Kf8 24. Bxe7+ 1-0

[Event "World Rapid 2025"]
[Site "Doha QAT"]
[Date "2025.12.27"]
[Round "9.90"]
[White "Akobian, Varuzhan"]
[Black "George Samir, David"]
[Result "1/2-1/2"]
[WhiteTitle "GM"]
[BlackTitle "IM"]
[WhiteElo "2549"]
[BlackElo "2343"]
[WhiteFideId "13300580"]
[BlackFideId "10657789"]
[EventDate "2025.12.26"]

1. d4 Nf6 2. c4 e6 3. Nf3 Bb4+ 4. Bd2 Qe7 5. a3 Bxd2+ 6. Qxd2 d6 7. Nc3 O-O 8.
e3 e5 9. Be2 e4 10. Ng1 c5 11. Bd1 Nc6 12. Nge2 Bf5 13. O-O Rad8 14. Ba4 Na5 15.
b3 b6 16. Nf4 Bd7 17. Bxd7 Qxd7 18. Rab1 Nc6 19. b4 Rfe8 20. Rfd1 cxd4 21. exd4
Qf5 22. Nfd5 Nxd5 23. Nxd5 Ne7 24. Ne3 Qg6 25. g3 h5 26. Qe2 Nf5 27. Nxf5 Qxf5
28. Rb3 Re6 29. Re3 Rde8 30. Rc1 h4 31. c5 hxg3 32. fxg3 dxc5 33. dxc5 bxc5 34.
bxc5 Rc8 35. Qc4 Rec6 36. Qxe4 Qxe4 37. Rxe4 Rxc5 38. Rxc5 Rxc5 39. a4 1/2-1/2

[Event "World Rapid 2025"]
[Site "Doha QAT"]
[Date "2025.12.27"]
[Round "9.91"]
[White "Xiao, Tong(QD)"]
[Black "Salem, A.R. Saleh"]
[Result "0-1"]
[WhiteTitle "GM"]
[BlackTitle "GM"]
[WhiteElo "2555"]
[BlackElo "2635"]
[WhiteFideId "8622388"]
[BlackFideId "9301348"]
[EventDate "2025.12.26"]

1. Nf3 c5 2. c4 Nf6 3. Nc3 d5 4. cxd5 Nxd5 5. Qb3 e6 6. g3 Nc6 7. Bg2 Be7 8. O-O
O-O 9. d3 b6 10. Rd1 Ndb4 11. Rd2 Bb7 12. a3 Na5 13. Qd1 Nd5 14. Qc2 Rc8 15. Rd1
h6 16. Rb1 Nc6 17. e3 Qd7 18. Ne4 f5 19. Ned2 Bf6 20. Re1 Nde7 21. e4 Ng6 22.
Nc4 b5 23. Ncd2 Nce5 24. Nxe5 Nxe5 25. Re3 Rcd8 26. Nb3 Nxd3 27. Bd2 c4 28. Na5
Bxe4 29. Bxe4 fxe4 30. Rxe4 Bd4 31. Be3 Bb6 32. Nxc4 bxc4 33. Qxc4 Nxf2 34. Rxe6
Kh8 35. Bxb6 axb6 36. Rbe1 Nh3+ 37. Kh1 Qb7+ 38. Rc6 Rd6 39. Re6 Qf7 40. Kg2 Ng5
41. Rxh6+ Rxh6 0-1

[Event "World Rapid 2025"]
[Site "Doha QAT"]
[Date "2025.12.27"]
[Round "9.92"]
[White "Bilguun, Sumiya"]
[Black "Svane, Rasmus"]
[Result "1/2-1/2"]
[WhiteTitle "GM"]
[BlackTitle "GM"]
[WhiteElo "2442"]
[BlackElo "2608"]
[WhiteFideId "4901541"]
[BlackFideId "4657101"]
[EventDate "2025.12.26"]

1. e4 e5 2. Nf3 Nc6 3. d4 exd4 4. Nxd4 Nf6 5. Nc3 Bb4 6. Nxc6 bxc6 7. Bd3 O-O 8.
O-O d5 9. exd5 cxd5 10. Bg5 Be6 11. Qf3 Be7 12. h3 c6 13. Ne2 Nd7 14. Bf4 Bf6
15. c3 Qb6 16. Rab1 a5 17. Ng3 g6 18. Nh5 Bh8 19. Bh6 Rfe8 20. Rfe1 Qd8 21. Qg3
Qb8 22. Qh4 Qd8 23. Qg3 Qb8 24. Bf4 Qd8 1/2-1/2